Is Bangladesh's economy approaching the Lewis turning point? (Record no. 510118)

000 -LEADER
fixed length control field 01471nam a2200169 4500
008 - FIXED-LENGTH DATA ELEMENTS--GENERAL INFORMATION
fixed length control field 190724b ||||| |||| 00| 0 eng d
100 ## - MAIN ENTRY--PERSONAL NAME
Personal name Bairagi, Subir
245 ## - TITLE STATEMENT
Title Is Bangladesh's economy approaching the Lewis turning point?
260 ## - PUBLICATION, DISTRIBUTION, ETC. (IMPRINT)
Date of publication, distribution, etc 2019
300 ## - PHYSICAL DESCRIPTION
Extent p.19-45.
520 ## - SUMMARY, ETC.
Summary, etc During the last decade, Bangladesh economy grew consistently over 6 per cent annually; however, growth rate in the agriculture sector declined. Labour away from agriculture is evident; it is also evident real wages in the agriculture sector are rising. This could be an indication that Bangladesh is moving to a different stage of economic development. This article investigates whether Bangladesh is approaching a stage of economic development where marginal productivity of labour equals its price, called the Lewis turning point (LTP). We find that the reallocation of labour away from agriculture has had a positive but insignificant impact on economic growth in Bangladesh. We also find that the surplus agricultural labour has not fully been absorbed by the economy. Therefore, we conclude Bangladesh has yet to reach the LTP and suggest initiating policies (e.g., job creation in the service sector) that might speed up the country’s movement to the LTP. - Reproduced.
650 ## - SUBJECT ADDED ENTRY--TOPICAL TERM
Topical term or geographic name as entry element Labour productivity - Bangladesh
9 (RLIN) 7393
700 ## - ADDED ENTRY--PERSONAL NAME
Personal name Kamal, Muntaseer
9 (RLIN) 7387
773 ## - HOST ITEM ENTRY
Main entry heading South Asia Economic Journal
906 ## - LOCAL DATA ELEMENT F, LDF (RLIN)
Subject DIP Economic growth - Bangladesh
942 ## - ADDED ENTRY ELEMENTS (KOHA)
Source of classification or shelving scheme
Item type Articles
Holdings
Withdrawn status Lost status Source of classification or shelving scheme Damaged status Not for loan Permanent location Current location Date acquired Serial Enumeration / chronology Barcode Date last seen Koha item type
          Indian Institute of Public Administration Indian Institute of Public Administration 2019-07-24 20(1), Mar, 2019: p.19-45. AR120106 2019-07-24 Articles

Powered by Koha